MARC

LEADER 00000nam0a2200000 4500
001 354687
005 20231102010721.0
035 |a (RuTPU)RU\TPU\retro\11946 
090 |a 354687 
100 |a 20200625d1972 km y0rusy50 ca 
101 0 |a rus 
102 |a KG 
105 |a a z 001zy 
200 1 |a Физико-химические исследования редкоземельных элементов  |e [сборник]  |f Академия наук Киргизской ССР, Институт неорганической и физической химии 
210 |a Фрунзе  |c Илим  |d 1972 
215 |a 160 с.  |c ил. 
320 |a Библиография в конце статей 
606 1 |a Редкоземельные элементы  |x Химия  |2 stltpush  |3 (RuTPU)RU\TPU\subj\24294  |9 48678 
610 1 |a исследование 
610 1 |a полифосфаты 
610 1 |a карбонаты 
610 1 |a карбоновые кислоты 
610 1 |a экстракция 
610 1 |a трибутилфосфат 
610 1 |a растворимость 
610 1 |a сорбция 
675 |a 546.65  |v 4 
712 0 2 |a Академия наук Киргизской ССР  |b Институт неорганической и физической химии  |2 stltpush  |3 (RuTPU)RU\TPU\col\15888  |9 26302 
801 1 |a RU  |b 63413507  |c 20200625 
801 2 |a RU  |b 63413507  |c 20210125  |g RCR 
942 |c BK